Oldest U.S. Congressmen Quiz - Statistics

General Stats
  • This quiz has been taken 55 times
    10 since last reset
  • The average score is 4 of 10
Answer Stats
Age Birthday Congressman % Correct
86 March 26, 1940 D Nancy Pelosi
90%
86 June 14, 1939 D Steny Hoyer
60%
88 December 31, 1937 R Hal Rogers
50%
84 September 6, 1941 D Danny Davis
40%
85 July 21, 1940 D Jim Clyburn
40%
87 August 15, 1938 D Maxine Waters
40%
83 November 5, 1942 D Frederica Wilson
20%
83 March 2, 1943 D Rosa DeLauro
20%
82 June 29, 1943 R Virginia Foxx
10%
84 November 6, 1941 R John Carter
0%
No matching quizzes found
Score Distribution
Percent of People with Each Score
Percentile by Number Answered
Your Score History
You have not taken this quiz since the last reset